000
00258nam a22001217a 4500
008
170321b xxu||||| |||| 00| 0 eng d
041
_a
eng
080
_a
616.8
100
_a
7
101
_a
SHM
245
_a
CLINICAL NEUROLOGY
_c
JOYNT.R.J
942
_2
udc
_c
BK
999
_c
8177
_d
8177